[Event "Mitropa Cup (Women) 10th"]
[Site "Meissen"]
[Date "2013.06.05"]
[Round "5.1"]
[White "Purgar, Ivona"]
[Black "Novosadova, Kristyna"]
[Result "1/2-1/2"]
[WhiteElo "2123"]
[BlackElo "2179"]
[PlyCount "99"]
[EventDate "2013.06.01"]
[EventType "team-tourn"]
[EventRounds "9"]
[EventCountry "GER"]
[Source "ChessBase"]
[SourceDate "2013.06.25"]
[WhiteTeam "Croatia (W)"]
[BlackTeam "Czechia (W)"]
[WhiteTeamCountry "CRO"]
[BlackTeamCountry "CZE"]

1. e4 e5 2. Nf3 Nc6 3. Bb5 a6 4. Ba4 Nf6 5. d3 b5 6. Bb3 Be7 7. O-O O-O 8. c3
d6 9. Re1 Na5 10. Bc2 c5 11. Nbd2 Nc6 12. Nf1 Re8 13. h3 h6 14. Ng3 Bf8 15. a4
Be6 16. d4 cxd4 17. cxd4 exd4 18. Nxd4 Nxd4 19. Qxd4 Rc8 20. Bd3 d5 21. e5 Bc5
22. Qf4 Nd7 23. Nh5 g5 24. Qd2 Qe7 25. Bb1 f5 26. exf6 Nxf6 27. Bf5 Ne4 28.
Bxe4 dxe4 29. Rxe4 Qf7 30. Qe2 Bxf2+ 31. Qxf2 Qxh5 32. Bd2 Bxh3 33. Rxe8+ Rxe8
34. Rf1 Be6 35. Qf6 Kh7 36. Bc3 Qg6 37. Qd4 Bf7 38. Rf6 Qg7 39. Qd3+ Bg6 40.
Qd6 Qa7+ 41. Kh1 Qg7 42. Qxa6 bxa4 43. Rb6 Qf7 44. Rb7 Re7 45. Rb8 Re8 46. Rb7
Re7 47. Rxe7 Qxe7 48. Qxa4 Be4 49. Qd4 Kg6 50. b4 1/2-1/2

[Event "Mitropa Cup (Women) 10th"]
[Site "Meissen"]
[Date "2013.06.05"]
[Round "5.2"]
[White "Klek, Hanna Marie"]
[Black "Repkova, Eva"]
[Result "0-1"]
[WhiteElo "2287"]
[BlackElo "2363"]
[PlyCount "82"]
[EventDate "2013.06.01"]
[EventType "team-tourn"]
[EventRounds "9"]
[EventCountry "GER"]
[Source "ChessBase"]
[SourceDate "2013.06.25"]
[WhiteTeam "Germany (W)"]
[BlackTeam "Slovakia (W)"]
[WhiteTeamCountry "GER"]
[BlackTeamCountry "SVK"]

1. e4 d5 2. exd5 Qxd5 3. Nc3 Qa5 4. Bc4 Bf5 5. d3 e6 6. Bd2 c6 7. Qe2 Nf6 8.
Nf3 Nbd7 9. O-O Bg4 10. h3 Bxf3 11. Qxf3 Ne5 12. Qe2 Nxc4 13. dxc4 Qf5 14. f4
Bc5+ 15. Kh1 O-O-O 16. Be1 Rd4 17. g4 Qg6 18. Bf2 Ne4 19. Nxe4 Rxe4 20. Qd3
Bxf2 21. Rxf2 f5 22. Rd1 Qf7 23. Qa3 a6 24. Qc5 fxg4 25. Qa7 Rf8 26. Rfd2 Rxf4
27. Rd8+ Kc7 28. Qb8+ Kb6 29. c5+ Ka5 30. Rxf8 Qxf8 31. Qc7+ Ka4 32. b3+ Ka3
33. Qa5+ Kb2 34. Qe1 Qf6 35. Rb1+ Kxa2 36. Rc1 Rb4 37. c3 Qf3+ 38. Kg1 Re4 39.
Rc2+ Kxb3 40. Qb1+ Kc4 41. Qa2+ Kxc5 0-1

[Event "Mitropa Cup (Women) 10th"]
[Site "Meissen"]
[Date "2013.06.05"]
[Round "5.2"]
[White "Kochetkova, Julia"]
[Black "Osmanodja, Filiz"]
[Result "0-1"]
[WhiteElo "2348"]
[BlackElo "2255"]
[PlyCount "132"]
[EventDate "2013.06.01"]
[EventType "team-tourn"]
[EventRounds "9"]
[EventCountry "GER"]
[Source "ChessBase"]
[SourceDate "2013.06.25"]
[WhiteTeam "Slovakia (W)"]
[BlackTeam "Germany (W)"]
[WhiteTeamCountry "SVK"]
[BlackTeamCountry "GER"]

1. c4 e5 2. g3 Nf6 3. Bg2 Nc6 4. Nf3 Bc5 5. O-O d6 6. d3 O-O 7. Nc3 h6 8. Na4
Qe7 9. e3 a5 10. b3 Ba7 11. Bb2 Bf5 12. Nc3 Nb4 13. Ne1 c6 14. Qd2 Rfd8 15. d4
exd4 16. exd4 d5 17. a3 dxc4 18. axb4 axb4 19. bxc4 bxc3 20. Bxc3 Ne4 21. Qe3
Re8 22. Bb2 Qd7 23. Nd3 Nxf2 24. Ne5 Ng4 25. Nxg4 Rxe3 26. Nxe3 Bh3 27. Bxh3
Qxh3 28. Nf5 Re8 29. Rf2 Bb8 30. d5 g6 31. Ng7 Bxg3 32. hxg3 Qxg3+ 33. Kf1 Qd3+
34. Kg1 Qg3+ 35. Kf1 Rd8 36. Re1 Qd3+ 37. Kg1 cxd5 38. cxd5 Qxd5 39. Ne8 Qg5+
40. Kh2 Qh5+ 41. Kg2 Qg5+ 42. Kh2 f5 43. Nf6+ Kf7 44. Ne4 Qh5+ 45. Kg2 Qg4+ 46.
Kf1 Rd1 47. Nd2 Rxe1+ 48. Kxe1 h5 49. Nf3 Kg8 50. Bf6 Qe4+ 51. Kf1 b5 52. Kg1
Qc6 53. Bb2 Qe6 54. Ne5 g5 55. Rd2 Qb6+ 56. Kg2 h4 57. Rd7 Qf6 58. Rb7 Qa6 59.
Rd7 Qa2 60. Rd2 g4 61. Ng6 h3+ 62. Kg3 Qb3+ 63. Kh4 Kf7 64. Nf4 Qe3 65. Rd7+
Ke8 66. Rd4 h2 0-1

[Event "Mitropa Cup (Women) 10th"]
[Site "Meissen"]
[Date "2013.06.05"]
[Round "5.4"]
[White "Kiolbasa, Oliwia"]
[Black "Juhasz, Barbara"]
[Result "1/2-1/2"]
[WhiteElo "1913"]
[BlackElo "2153"]
[PlyCount "238"]
[EventDate "2013.06.01"]
[EventType "team-tourn"]
[EventRounds "9"]
[EventCountry "GER"]
[Source "ChessBase"]
[SourceDate "2013.06.25"]
[WhiteTeam "Poland (W)"]
[BlackTeam "Hungary (W)"]
[WhiteTeamCountry "POL"]
[BlackTeamCountry "HUN"]

1. e4 Nf6 2. e5 Nd5 3. d4 d6 4. c4 Nb6 5. exd6 exd6 6. Nc3 Be7 7. Bd3 O-O 8.
Nge2 Nc6 9. a3 a5 10. O-O Bf6 11. Be3 Re8 12. h3 g6 13. Qc2 Ne7 14. Ne4 Nf5 15.
Nxf6+ Qxf6 16. Bd2 Bd7 17. d5 Na4 18. b3 Nc5 19. Bc3 Qg5 20. Bd2 Qh4 21. Rad1
Rxe2 22. Bxe2 Nd4 23. Bg5 Nxe2+ 24. Qxe2 Qxg5 25. f4 Qf6 26. b4 Re8 27. Qf3
axb4 28. axb4 Na6 29. Qb3 Re4 30. f5 g5 31. b5 Nc5 32. Qc2 h5 33. Rde1 Rxe1 34.
Rxe1 Bxf5 35. Qe2 Qd4+ 36. Kh2 Ne4 37. Qxh5 Bg6 38. Qe2 Qe5+ 39. Kg1 Qc3 40.
Kh2 Qd2 41. Qxd2 Nxd2 42. Re7 Nxc4 43. Rxc7 Na5 44. Rd7 Kf8 45. Rxd6 Ke7 46.
Rb6 Be4 47. Rh6 Bxd5 48. Rh5 f6 49. h4 Bf7 50. Rh7 gxh4 51. Rxh4 Kd6 52. Kg3
Ke5 53. Rh7 Bc4 54. Rh5+ f5 55. Kf2 Bxb5 56. g4 Bd7 57. gxf5 Bxf5 58. Rh8 Nc4
59. Rb8 Be4 60. Ke2 Kd4 61. Kd1 Kc3 62. Ke2 b6 63. Kf2 Kb4 64. Ke2 b5 65. Kf2
Bd3 66. Kf3 Kc3 67. Rxb5 Nd2+ 68. Ke3 Bxb5 69. Kf4 Kd4 70. Kf5 Ne4 71. Kg6 Ke5
72. Kg7 Ke6 73. Kg6 Be8+ 74. Kg7 Ke7 75. Kh6 Kf6 76. Kh7 Bf7 77. Kh8 Nd6 78.
Kh7 Nf5 79. Kh8 Bg6 80. Kg8 Nh6+ 81. Kh8 Nf7+ 82. Kg8 Bf5 83. Kf8 Bd7 84. Kg8
Ne5 85. Kh8 Be6 86. Kh7 Ng6 87. Kh6 Nh4 88. Kh7 Ng6 89. Kh6 Bg8 90. Kh5 Ne5 91.
Kh4 Kf5 92. Kg3 Bd5 93. Kf2 Kf4 94. Ke2 Ke4 95. Kd2 Kd4 96. Kc2 Nd3 97. Kb1 Nb4
98. Kb2 Kd3 99. Kb1 Kc3 100. Ka1 Nc2+ 101. Kb1 Be6 102. Kc1 Ba2 103. Kd1 Nd4
104. Ke1 Kd3 105. Kf2 Ke4 106. Ke1 Kd3 107. Kf2 Bf7 108. Kg3 Ke4 109. Kg4 Ne6
110. Kg3 Ke3 111. Kg4 Bg6 112. Kg3 Ng5 113. Kg4 Nf7 114. Kg3 Ne5 115. Kh4 Kf4
116. Kh3 Be4 117. Kh4 Bf3 118. Kh3 Bg4+ 119. Kg2 Nd3 1/2-1/2

[Event "Mitropa Cup (Women) 10th"]
[Site "Meissen"]
[Date "2013.06.05"]
[Round "5.4"]
[White "Varga, Klara"]
[Black "Wozniak, Mariola"]
[Result "1/2-1/2"]
[WhiteElo "2204"]
[BlackElo "1983"]
[PlyCount "141"]
[EventDate "2013.06.01"]
[EventType "team-tourn"]
[EventRounds "9"]
[EventCountry "GER"]
[Source "ChessBase"]
[SourceDate "2013.06.25"]
[WhiteTeam "Hungary (W)"]
[BlackTeam "Poland (W)"]
[WhiteTeamCountry "HUN"]
[BlackTeamCountry "POL"]

1. Nf3 Nf6 2. c4 d6 3. g3 g6 4. b4 Bg7 5. Bb2 O-O 6. Bg2 e5 7. d3 a5 8. b5 Nbd7
9. O-O Nc5 10. a4 h6 11. Nbd2 Be6 12. Ne1 Qd7 13. f4 Ng4 14. Nc2 h5 15. Ra3 c6
16. Qa1 Rae8 17. h3 Nh6 18. Kh2 Qc7 19. Nf3 Bc8 20. bxc6 bxc6 21. Nh4 Bf6 22.
Nf3 Bg7 23. e3 f6 24. Nh4 Kh7 25. Qd1 Be6 26. d4 Nd7 27. Qd3 Nf5 28. Nxf5 Bxf5
29. e4 Be6 30. f5 gxf5 31. Ne3 fxe4 32. Bxe4+ Kg8 33. Bh7+ Kh8 34. Bg6 Bf7 35.
Bxf7 Rxf7 36. Qg6 Nf8 37. Qxh5+ Kg8 38. Ng4 Qe7 39. Raf3 e4 40. Re3 Nh7 41. h4
Qd7 42. Qg6 Rff8 43. Rf5 Rb8 44. Bc3 Qe8 45. Qxe8 Rfxe8 46. Rxa5 Ra8 47. Rxe4
Rxe4 48. Rxa8+ Nf8 49. Kh3 f5 50. Nh2 f4 51. Bd2 fxg3 52. Nf3 c5 53. a5 cxd4
54. a6 Re7 55. a7 Kh7 56. Ng5+ Kg6 57. Rxf8 Rxa7 58. Rg8 g2 59. Kxg2 Ra2 60.
Ne4 Kf7 61. Rxg7+ Kxg7 62. h5 Rc2 63. Kf3 Rxc4 64. Nxd6 Rc5 65. h6+ Kh7 66. Ne4
Rc6 67. Ng5+ Kxh6 68. Ne6+ Kg6 69. Nxd4 Rd6 70. Ke4 Rxd4+ 71. Kxd4 1/2-1/2

[Event "Mitropa Cup (Women) 10th"]
[Site "Meissen"]
[Date "2013.06.05"]
[Round "5.3"]
[White "Krivec, Jana"]
[Black "Sedina, Elena"]
[Result "1-0"]
[WhiteElo "2244"]
[BlackElo "2323"]
[PlyCount "87"]
[EventDate "2013.06.01"]
[EventType "team-tourn"]
[EventRounds "9"]
[EventCountry "GER"]
[Source "ChessBase"]
[SourceDate "2013.06.25"]
[WhiteTeam "Slovenia (W)"]
[BlackTeam "Italy (W)"]
[WhiteTeamCountry "SLO"]
[BlackTeamCountry "ITA"]

1. e4 e6 2. d4 d5 3. Nc3 Bb4 4. e5 Ne7 5. a3 Bxc3+ 6. bxc3 c5 7. Qg4 cxd4 8.
Qxg7 Rg8 9. Qxh7 Qc7 10. Ne2 Nbc6 11. f4 dxc3 12. h4 b6 13. Rh3 d4 14. Rg3 Rf8
15. Rg7 Bb7 16. g4 O-O-O 17. Rxf7 Rh8 18. Qg7 Rhg8 19. Qf6 Qd7 20. h5 d3 21.
cxd3 Qxd3 22. Qxe6+ Kb8 23. Rxe7 Nd4 24. Rxb7+ Kxb7 25. Nxd4 Qxd4 26. Qc4 Qd1+
27. Kf2 Rxg4 28. Qxc3 Kb8 29. Be3 Qd5 30. Rc1 Rdg8 31. Qc7+ Ka8 32. Qc6+ Qxc6
33. Rxc6 Rh4 34. Rg6 Rc8 35. Bg2+ Kb8 36. h6 Rc3 37. Kg3 Rh5 38. Kg4 Rh2 39.
Kf3 Rxa3 40. Rg8+ Kc7 41. Rg7+ Kc6 42. Kg3+ Rxg2+ 43. Kxg2 Rxe3 44. h7 1-0

[Event "Mitropa Cup (Women) 10th"]
[Site "Meissen"]
[Date "2013.06.05"]
[Round "5.3"]
[White "Zimina, Olga"]
[Black "Srebrnic, Ana"]
[Result "1-0"]
[WhiteElo "2335"]
[BlackElo "2203"]
[PlyCount "147"]
[EventDate "2013.06.01"]
[EventType "team-tourn"]
[EventRounds "9"]
[EventCountry "GER"]
[Source "ChessBase"]
[SourceDate "2013.06.25"]
[WhiteTeam "Italy (W)"]
[BlackTeam "Slovenia (W)"]
[WhiteTeamCountry "ITA"]
[BlackTeamCountry "SLO"]

1. Nf3 Nf6 2. g3 d5 3. c4 c5 4. Bg2 Nc6 5. cxd5 Nxd5 6. Nc3 Nc7 7. O-O e5 8. d3
Be7 9. Be3 O-O 10. Rc1 Bd7 11. Nd2 Rc8 12. Nc4 f6 13. Qb3 Kh8 14. a4 b6 15.
Rfe1 Nd4 16. Bxd4 exd4 17. Nd5 Nxd5 18. Bxd5 Bg4 19. Na3 Qd7 20. Bg2 Be6 21.
Qb5 Qxb5 22. axb5 Bd6 23. Nc4 Bb8 24. Bc6 Rcd8 25. b3 g5 26. e3 Bxc4 27. bxc4
dxe3 28. Rxe3 Be5 29. Kg2 Rf7 30. Rce1 Kg7 31. R1e2 Kf8 32. Bd5 Rg7 33. Re4
Rdd7 34. Kf1 Rde7 35. h4 h6 36. Kg2 Bd4 37. Be6 Be5 38. Bf5 Bd4 39. Kf3 Rxe4
40. Rxe4 Re7 41. Be6 gxh4 42. gxh4 Be5 43. Bf5 Bd4 44. Rg4 Rg7 45. Bg6 Ke7 46.
h5 Kd6 47. Rg1 f5 48. Rf1 Ke6 49. Re1+ Be5 50. Re3 Kf6 51. Kg2 Re7 52. Rf3 f4
53. Rh3 Bd4 54. Kf3 Re1 55. Rh4 Be5 56. Rg4 Rf1 57. Be4 Kf7 58. Kg2 Ra1 59. Rg6
Ra2 60. Bd5+ Kf8 61. Kf3 Bd4 62. Rxh6 Rxf2+ 63. Kg4 Rf1 64. Rh7 Be3 65. h6 Rg1+
66. Kf5 Ke8 67. Rxa7 f3 68. h7 Bd4 69. Bxf3 Rf1 70. Ke4 Re1+ 71. Kd5 Re5+ 72.
Kd6 Rf5 73. Bc6+ Kf8 74. Ra8+ 1-0

[Event "Mitropa Cup (Women) 10th"]
[Site "Meissen"]
[Date "2013.06.06"]
[Round "6.2"]
[White "Juhasz, Barbara"]
[Black "Hapala, Lisa"]
[Result "1/2-1/2"]
[WhiteElo "2153"]
[BlackElo "2038"]
[PlyCount "110"]
[EventDate "2013.06.01"]
[EventType "team-tourn"]
[EventRounds "9"]
[EventCountry "GER"]
[Source "ChessBase"]
[SourceDate "2013.06.25"]
[WhiteTeam "Hungary (W)"]
[BlackTeam "Austria (W)"]
[WhiteTeamCountry "HUN"]
[BlackTeamCountry "AUT"]

1. e4 e5 2. Nf3 Nc6 3. Bb5 a6 4. Ba4 Nf6 5. Qe2 b5 6. Bb3 Be7 7. c3 O-O 8. d4
d6 9. h3 Re8 10. O-O Bf8 11. d5 Na5 12. Bc2 c6 13. dxc6 Nxc6 14. a4 b4 15. c4
Qc7 16. Rd1 Bb7 17. Bg5 Nd7 18. Nbd2 Nc5 19. Be3 Rad8 20. b3 Rd7 21. Rab1 Nd8
22. Nh4 g6 23. g4 Nde6 24. f3 Be7 25. Ng2 Qd8 26. Nf1 Bg5 27. Bf2 Nf4 28. Nxf4
Bxf4 29. Bxc5 dxc5 30. Rxd7 Qxd7 31. Rd1 Qe7 32. Rd3 Rd8 33. Qd1 Rd4 34. Kg2
Qh4 35. Qe2 Kg7 36. Qf2 Qd8 37. Qe2 Qg5 38. Rd1 h5 39. Bb1 hxg4 40. hxg4 a5 41.
Bc2 f5 42. Rxd4 exd4 43. Ng3 Qh4 44. Qf2 Qg5 45. Qe2 fxg4 46. fxg4 Bc8 47. Bd1
Qe5 48. Nf1 Bb7 49. Bc2 Qg5 50. Qf3 Qe5 51. Bd3 Kf6 52. Ng3 Kg5 53. Nh1 Qh8 54.
Nf2 Qh2+ 55. Kf1 Kh4 1/2-1/2

[Event "Mitropa Cup (Women) 10th"]
[Site "Meissen"]
[Date "2013.06.06"]
[Round "6.1"]
[White "Deur, Zrinka"]
[Black "Heinatz, Gundula"]
[Result "1/2-1/2"]
[WhiteElo "2104"]
[BlackElo "2197"]
[PlyCount "110"]
[EventDate "2013.06.01"]
[EventType "team-tourn"]
[EventRounds "9"]
[EventCountry "GER"]
[Source "ChessBase"]
[SourceDate "2013.06.25"]
[WhiteTeam "Croatia (W)"]
[BlackTeam "Switzerland (W)"]
[WhiteTeamCountry "CRO"]
[BlackTeamCountry "SUI"]

1. e4 e6 2. d4 d5 3. Nc3 Nf6 4. e5 Nfd7 5. f4 c5 6. Nf3 a6 7. Be3 Qb6 8. Na4
Qa5+ 9. c3 cxd4 10. b4 Qc7 11. Qxd4 b5 12. Nb2 Nc6 13. Qd2 f6 14. Nd4 Nxd4 15.
cxd4 Nb6 16. Be2 Be7 17. O-O O-O 18. Bf3 Bd7 19. a3 Nc4 20. Nxc4 bxc4 21. Qc3
a5 22. Bd2 Rfb8 23. Rfb1 Rb5 24. bxa5 Rbxa5 25. Bc1 Ba4 26. Bd2 R5a7 27. exf6
Bxf6 28. Qe3 Ra6 29. Bb4 Re8 30. Bc5 g6 31. Ra2 Bb3 32. Rab2 Be7 33. Be2 Bxc5
34. Rxb3 Bb6 35. Rc3 Qa7 36. Rd1 Qg7 37. Kh1 Ba7 38. Bf3 Rb8 39. Qd2 Rab6 40.
Qe1 Qf6 41. Re3 Kf7 42. Bg4 h5 43. Bh3 Ra6 44. Re5 Rb3 45. a4 Bb8 46. Re2 Bc7
47. g3 Ba5 48. Qg1 Rab6 49. Qg2 Rb1 50. Qg1 Rxd1 51. Qxd1 c3 52. Qd3 h4 53. Re5
Qe7 54. Rg5 Qf6 55. Re5 Qe7 1/2-1/2

[Event "Mitropa Cup (Women) 10th"]
[Site "Meissen"]
[Date "2013.06.06"]
[Round "6.1"]
[White "Seps, Monika"]
[Black "Purgar, Ivona"]
[Result "1/2-1/2"]
[WhiteElo "2244"]
[BlackElo "2123"]
[PlyCount "77"]
[EventDate "2013.06.01"]
[EventType "team-tourn"]
[EventRounds "9"]
[EventCountry "GER"]
[Source "ChessBase"]
[SourceDate "2013.06.25"]
[WhiteTeam "Switzerland (W)"]
[BlackTeam "Croatia (W)"]
[WhiteTeamCountry "SUI"]
[BlackTeamCountry "CRO"]

1. d4 Nf6 2. Nf3 e6 3. Bg5 c5 4. e3 h6 5. Bh4 Qb6 6. Nbd2 d5 7. Bxf6 gxf6 8.
Be2 Nc6 9. O-O Bd7 10. c4 O-O-O 11. dxc5 Bxc5 12. cxd5 exd5 13. Nb3 Rhg8 14.
Kh1 Kb8 15. Nxc5 Qxc5 16. Nd4 Ne5 17. Rc1 Qd6 18. Qc2 Rc8 19. Qd2 Ng4 20. Bxg4
Rxg4 21. Rxc8+ Bxc8 22. Rc1 Bd7 23. Qc3 Rg8 24. Nf3 Bg4 25. Nd4 Bd7 26. Qd2 Qe5
27. Qd3 Qg5 28. g3 h5 29. h4 Qg4 30. Qf1 Bf5 31. Nxf5 Qxf5 32. Qe2 Qh3+ 33. Kg1
Qxh4 34. Qc2 Qg4 35. Qc7+ Ka8 36. Qf4 Qxf4 37. exf4 Kb8 38. Rd1 h4 39. Rxd5
1/2-1/2

[Event "Mitropa Cup (Women) 10th"]
[Site "Meissen"]
[Date "2013.06.06"]
[Round "6.5"]
[White "Repkova, Eva"]
[Black "Novosadova, Kristyna"]
[Result "1-0"]
[WhiteElo "2363"]
[BlackElo "2179"]
[PlyCount "67"]
[EventDate "2013.06.01"]
[EventType "team-tourn"]
[EventRounds "9"]
[EventCountry "GER"]
[Source "ChessBase"]
[SourceDate "2013.06.25"]
[WhiteTeam "Slovakia (W)"]
[BlackTeam "Czechia (W)"]
[WhiteTeamCountry "SVK"]
[BlackTeamCountry "CZE"]

1. e4 e5 2. Nf3 Nc6 3. Bc4 Nf6 4. d3 Be7 5. O-O O-O 6. Bb3 d5 7. exd5 Nxd5 8.
Re1 Bg4 9. h3 Bh5 10. g4 Bg6 11. Nxe5 Nxe5 12. Rxe5 c6 13. Nc3 Nxc3 14. bxc3
Bf6 15. Rc5 Qd6 16. Be3 Rfe8 17. Qf3 Rac8 18. a4 Rc7 19. a5 h6 20. Rc4 c5 21.
Kg2 b5 22. axb6 axb6 23. Ra6 Bg5 24. Bf4 Bxf4 25. Rxf4 Re1 26. Ra8+ Kh7 27. Bd5
Qe7 28. Rfa4 Qe5 29. Rd8 h5 30. Raa8 Kh6 31. Rh8+ Kg5 32. Rae8 Re7 33. Rxe7
Qxe7 34. Rxh5+ 1-0

[Event "Mitropa Cup (Women) 10th"]
[Site "Meissen"]
[Date "2013.06.06"]
[Round "6.4"]
[White "Osmanodja, Filiz"]
[Black "Zimina, Olga"]
[Result "1-0"]
[WhiteElo "2255"]
[BlackElo "2335"]
[PlyCount "63"]
[EventDate "2013.06.01"]
[EventType "team-tourn"]
[EventRounds "9"]
[EventCountry "GER"]
[Source "ChessBase"]
[SourceDate "2013.06.25"]
[WhiteTeam "Germany (W)"]
[BlackTeam "Italy (W)"]
[WhiteTeamCountry "GER"]
[BlackTeamCountry "ITA"]

1. e4 e5 2. Nf3 Nc6 3. Bb5 Nf6 4. O-O Nxe4 5. d4 Nd6 6. Bg5 f6 7. dxe5 Nxb5 8.
exf6 gxf6 9. Re1+ Kf7 10. Qd5+ Kg7 11. Bf4 Nd6 12. Qh5 Rg8 13. Nh4 Kh8 14. Nc3
b6 15. Nd5 Bb7 16. Re3 Be7 17. Rae1 Qe8 18. Qxe8 Nxe8 19. Nxe7 Nxe7 20. Rxe7
Bc6 21. g3 Ng7 22. Bxc7 Ne6 23. R7xe6 dxe6 24. Rxe6 Bd5 25. Rxf6 Rge8 26. f4
Re2 27. Be5 Kg8 28. Nf5 Be4 29. Ne7+ Kg7 30. Rf5+ Kh6 31. Rg5 Bg6 32. Nf5+ 1-0

[Event "Mitropa Cup (Women) 10th"]
[Site "Meissen"]
[Date "2013.06.06"]
[Round "6.4"]
[White "Sedina, Elena"]
[Black "Klek, Hanna Marie"]
[Result "0-1"]
[WhiteElo "2323"]
[BlackElo "2287"]
[PlyCount "78"]
[EventDate "2013.06.01"]
[EventType "team-tourn"]
[EventRounds "9"]
[EventCountry "GER"]
[Source "ChessBase"]
[SourceDate "2013.06.25"]
[WhiteTeam "Italy (W)"]
[BlackTeam "Germany (W)"]
[WhiteTeamCountry "ITA"]
[BlackTeamCountry "GER"]

1. e4 e5 2. Nf3 Nc6 3. Bc4 Bc5 4. O-O Nf6 5. d3 a6 6. c3 d6 7. Bb3 Ba7 8. Nbd2
O-O 9. h3 Be6 10. Re1 Re8 11. Nf1 d5 12. Ng5 Na5 13. Nxe6 fxe6 14. Ng3 Nxb3 15.
Qxb3 b5 16. a4 c6 17. Be3 Bxe3 18. Rxe3 Kh8 19. Rd1 Nd7 20. d4 Qg5 21. Qc2 Qg6
22. Qe2 exd4 23. Rxd4 Nb6 24. exd5 exd5 25. Rg4 Qf7 26. Rf4 Rxe3 27. Qxe3 Qc7
28. Nh5 Rg8 29. Qe6 bxa4 30. Rf7 Qc8 31. Qe5 Qe8 32. Re7 Qg6 33. Re6 Nc4 34.
Qe2 Qb1+ 35. Kh2 Qxb2 36. Qf3 Qb8+ 37. Kg1 a3 38. Qe2 Qb2 39. Nf4 Qc1+ 0-1

[Event "Mitropa Cup (Women) 10th"]
[Site "Meissen"]
[Date "2013.06.06"]
[Round "6.3"]
[White "Srebrnic, Ana"]
[Black "Kiolbasa, Oliwia"]
[Result "1/2-1/2"]
[WhiteElo "2203"]
[BlackElo "1913"]
[PlyCount "146"]
[EventDate "2013.06.01"]
[EventType "team-tourn"]
[EventRounds "9"]
[EventCountry "GER"]
[Source "ChessBase"]
[SourceDate "2013.06.25"]
[WhiteTeam "Slovenia (W)"]
[BlackTeam "Poland (W)"]
[WhiteTeamCountry "SLO"]
[BlackTeamCountry "POL"]

1. Nf3 c5 2. c4 Nc6 3. d4 cxd4 4. Nxd4 Qb6 5. Nb3 Nf6 6. Nc3 e6 7. a3 Be7 8. e3
Qc7 9. Be2 O-O 10. O-O b6 11. Nd4 Bb7 12. Ndb5 Qb8 13. b3 Rd8 14. Bb2 d5 15.
cxd5 Nxd5 16. Qc2 a6 17. Nxd5 Rxd5 18. Nc3 Rd8 19. Ne4 Qc7 20. Bd3 Rac8 21. Ng3
h6 22. Qe2 Ne5 23. Bxa6 Bxa6 24. Qxa6 Nd3 25. Bd4 Nc5 26. Qb5 e5 27. Bxc5 Bxc5
28. Rac1 Qa7 29. b4 Bf8 30. a4 Rxc1 31. Rxc1 Ra8 32. Ra1 Qc7 33. Ne4 Qc2 34.
Ng3 Qb2 35. Rf1 Qxb4 36. Qxe5 Qxa4 37. Rb1 Rd8 38. h3 Rd1+ 39. Rxd1 Qxd1+ 40.
Kh2 Qc2 41. f4 Qc5 42. Qe8 b5 43. Ne2 b4 44. Nd4 Qe7 45. Qxe7 Bxe7 46. e4 g5
47. g3 Bc5 48. Nb3 Be3 49. fxg5 Bxg5 50. Kg2 Kg7 51. Kf3 Kg6 52. e5 Bd8 53. Kf4
Bb6 54. Nd2 Bd8 55. Nb3 Bc7 56. Ke4 f6 57. exf6 Bxg3 58. f7 Kxf7 59. Kf5 Bf2
60. Na5 Bg3 61. Nb3 h5 62. Nd4 h4 63. Nb3 Ke7 64. Nd4 Kd6 65. Ke4 Kc5 66. Kd3
Kd5 67. Nc2 b3 68. Ne3+ Ke5 69. Kc3 Ke4 70. Ng2 Kf3 71. Nxh4+ Bxh4 72. Kxb3 Kg3
73. Kc4 Kxh3 1/2-1/2

[Event "Mitropa Cup (Women) 10th"]
[Site "Meissen"]
[Date "2013.06.06"]
[Round "6.3"]
[White "Wozniak, Mariola"]
[Black "Krivec, Jana"]
[Result "1-0"]
[WhiteElo "1983"]
[BlackElo "2244"]
[PlyCount "154"]
[EventDate "2013.06.01"]
[EventType "team-tourn"]
[EventRounds "9"]
[EventCountry "GER"]
[Source "ChessBase"]
[SourceDate "2013.06.25"]
[WhiteTeam "Poland (W)"]
[BlackTeam "Slovenia (W)"]
[WhiteTeamCountry "POL"]
[BlackTeamCountry "SLO"]

1. e4 e5 2. Nf3 Nc6 3. Nc3 Nf6 4. d4 exd4 5. Nxd4 Bb4 6. Nxc6 bxc6 7. Bd3 d5 8.
exd5 cxd5 9. O-O O-O 10. h3 c6 11. Qf3 Bd6 12. Bf4 Rb8 13. b3 Qc7 14. Ne2 c5
15. Rad1 Rb6 16. Rfe1 Bb7 17. Bxd6 Rxd6 18. Qf4 d4 19. c4 Qc6 20. f3 Re6 21.
Kf1 Qa6 22. Qf5 Qxa2 23. Nf4 Rxe1+ 24. Rxe1 Bc8 25. Qxc5 Qxb3 26. Qxd4 a5 27.
c5 Bd7 28. Rb1 Qa2 29. Ra1 Qb3 30. Kg1 a4 31. Bc4 Qb8 32. Nd3 Rd8 33. Qc3 Be8
34. Re1 Qc7 35. Ba2 Bc6 36. Nb4 Bb5 37. c6 Rc8 38. Qc5 Bxc6 39. Rc1 Nd7 40. Qe7
Ne5 41. Nxc6 Nxc6 42. Bxf7+ Kh8 43. Qxc7 Rxc7 44. Bd5 a3 45. Bxc6 h6 46. Kf2 a2
47. Ra1 Rxc6 48. Rxa2 Kh7 49. Kg3 Rb6 50. Kg4 Rg6+ 51. Kh4 Rf6 52. Ra4 Rg6 53.
g3 Rf6 54. f4 Rb6 55. f5 g6 56. Ra7+ Kg8 57. g4 gxf5 58. gxf5 Rb3 59. Kg4 h5+
60. Kxh5 Rxh3+ 61. Kg6 Rg3+ 62. Kf6 Rg1 63. Ra8+ Kh7 64. Ke6 Re1+ 65. Kf7 Rb1
66. Ra7 Rb8 67. Re7 Ra8 68. Rd7 Rb8 69. f6 Ra8 70. Rb7 Rc8 71. Ra7 Rb8 72. Rd7
Ra8 73. Re7 Rb8 74. Rd7 Ra8 75. Rd1 Ra7+ 76. Ke6 Ra2 77. f7 Re2+ 1-0

[Event "Mitropa Cup (Women) 10th"]
[Site "Meissen"]
[Date "2013.06.07"]
[Round "7.4"]
[White "Hapala, Lisa"]
[Black "Srebrnic, Ana"]
[Result "1/2-1/2"]
[WhiteElo "2038"]
[BlackElo "2203"]
[PlyCount "91"]
[EventDate "2013.06.01"]
[EventType "team-tourn"]
[EventRounds "9"]
[EventCountry "GER"]
[Source "ChessBase"]
[SourceDate "2013.06.25"]
[WhiteTeam "Austria (W)"]
[BlackTeam "Slovenia (W)"]
[WhiteTeamCountry "AUT"]
[BlackTeamCountry "SLO"]

1. e4 d6 2. d4 Nf6 3. Nc3 e5 4. dxe5 dxe5 5. Qxd8+ Kxd8 6. Bg5 Be6 7. O-O-O+
Nbd7 8. f4 exf4 9. Nf3 Kc8 10. Bxf4 c6 11. e5 Nd5 12. Nxd5 Bxd5 13. c4 Be6 14.
Ng5 Bc5 15. Be2 Kc7 16. Nxe6+ fxe6 17. Bg4 Rae8 18. Rhf1 Rhf8 19. Bg3 Rxf1 20.
Rxf1 Rf8 21. Rd1 Re8 22. Kc2 Nf8 23. Rf1 Rd8 24. a3 a5 25. Rf7+ Rd7 26. Rxd7+
Kxd7 27. Kd3 Ng6 28. Ke4 Ne7 29. Be1 b6 30. b4 axb4 31. axb4 Bg1 32. h4 Ng8 33.
Bd2 Nh6 34. Bh3 Bf2 35. h5 Nf7 36. g4 h6 37. Bg2 Ng5+ 38. Kd3 Nf7 39. Bf4 Ng5
40. Be3 Bxe3 41. Kxe3 c5 42. b5 Ke7 43. Kf4 Nf7 44. Be4 Ng5 45. Bg2 Nf7 46. Ke4
1/2-1/2

[Event "Mitropa Cup (Women) 10th"]
[Site "Meissen"]
[Date "2013.06.07"]
[Round "7.4"]
[White "Krivec, Jana"]
[Black "Novkovic, Julia"]
[Result "1-0"]
[WhiteElo "2244"]
[BlackElo "2132"]
[PlyCount "113"]
[EventDate "2013.06.01"]
[EventType "team-tourn"]
[EventRounds "9"]
[EventCountry "GER"]
[Source "ChessBase"]
[SourceDate "2013.06.25"]
[WhiteTeam "Slovenia (W)"]
[BlackTeam "Austria (W)"]
[WhiteTeamCountry "SLO"]
[BlackTeamCountry "AUT"]

1. e4 e5 2. Nf3 Nc6 3. d4 exd4 4. Bc4 Nf6 5. e5 d5 6. Bb5 Ne4 7. Nxd4 Bd7 8.
Bxc6 bxc6 9. O-O Bc5 10. Be3 Bb6 11. f3 Ng5 12. f4 Ne4 13. Nd2 Nxd2 14. Qxd2 c5
15. Nf3 c6 16. c3 Bg4 17. Qf2 Bxf3 18. Qxf3 c4 19. Kh1 Bxe3 20. Qxe3 Qb6 21.
Qg3 O-O 22. f5 Kh8 23. Rf2 Rae8 24. Re2 c5 25. Qf3 d4 26. Qd5 d3 27. Rf2 Rd8
28. Qxc4 Rfe8 29. Qf4 Qc7 30. Re1 Rd5 31. f6 Re6 32. fxg7+ Kxg7 33. Qg4+ Kh8
34. Qf3 Rdxe5 35. Rxe5 Rxe5 36. Qxd3 Re1+ 37. Rf1 Qe5 38. h3 Re2 39. Rxf7 Re1+
40. Rf1 Qe7 41. Rxe1 Qxe1+ 42. Kh2 Qe7 43. Qg3 a6 44. h4 a5 45. h5 h6 46. Qf4
Kh7 47. b3 Kg7 48. a3 Kh7 49. b4 cxb4 50. cxb4 a4 51. Qg3 Kh8 52. Qc3+ Kh7 53.
Qd3+ Kh8 54. Qd4+ Kh7 55. Qf4 Qe8 56. Qf5+ Kg7 57. Qg6+ 1-0